Commercial property management agreements (Record no. 96863)

MARC details
000 -LEADER
fixed length control field 01003cam a2200265 4500
008 - FIXED-LENGTH DATA ELEMENTS--GENERAL INFORMATION
fixed length control field 090401t1997 xxu||||| |||| 00| 0 eng d
020 ## - INTERNATIONAL STANDARD BOOK NUMBER
International Standard Book Number 0854068554
035 ## - SYSTEM CONTROL NUMBER
System control number (Sirsi) u83059
041 0# - LANGUAGE CODE
Language code of text/sound track or separate title eng
050 04 - LIBRARY OF CONGRESS CALL NUMBER
Classification number 333.337 $2 18
110 2# - MAIN ENTRY--CORPORATE NAME
Corporate name or jurisdiction name as entry element Royal Institution of Chartered Surveyors
9 (RLIN) 4900
245 00 - TITLE STATEMENT
Title Commercial property management agreements
Remainder of title an information paper
260 ## - PUBLICATION, DISTRIBUTION, ETC.
Place of publication, distribution, etc. London
Name of publisher, distributor, etc. RICS
Date of publication, distribution, etc. 1997
300 ## - PHYSICAL DESCRIPTION
Extent 10p.
Dimensions 30cm.
350 ## - PRICE (NR) (BK AM CF MU VM SE) [OBSOLETE]
Price 6.50
490 #0 - SERIES STATEMENT
Series statement RICS Conditions of Engagement
490 #0 - SERIES STATEMENT
Series statement RICS Information Paper
520 ## - SUMMARY, ETC.
Summary, etc. Assists both clients and agents develop their own form of agreement for property management instructions.
651 #4 - SUBJECT ADDED ENTRY--GEOGRAPHIC NAME
Geographic name England and Wales
Chronological subdivision 1543-
690 ## - LOCAL SUBJECT ADDED ENTRY--TOPICAL TERM (OCLC, RLIN)
Topical term or geographic name as entry element PROPERTY-COMMERCIAL PROPERTY-COMMERCIAL PROPERTY MANAGEMENT
856 40 - ELECTRONIC LOCATION AND ACCESS
Uniform Resource Identifier <a href="https://www.rics.org/Global/Downloads/CommercialPropertyMaangementAgreementsAnInformationPaper1997.pdf">https://www.rics.org/Global/Downloads/CommercialPropertyMaangementAgreementsAnInformationPaper1997.pdf</a>
Public note View this item (member-only access) at www.rics.org
942 ## - ADDED ENTRY ELEMENTS (KOHA)
Suppress in OPAC 0
948 ## - LOCAL PROCESSING INFORMATION (OCLC); SERIES PART DESIGNATOR (RLIN)
c (OCLC) 13/01/1998
Holdings
Withdrawn status Lost status Source of classification or shelving scheme Damaged status Not for loan Home library Current library Shelving location Date acquired Cost, normal purchase price Total Checkouts Full call number Barcode Date last seen Copy number Cost, replacement price Price effective from Koha item type Date last checked out
    Dewey Decimal Classification     London London RICS Boxes 14/09/1999 6.50   RICS 1997/105 30054944 06/08/2019 1 6.50 06/08/2019 Archive  
    Dewey Decimal Classification     London London RICS Boxes 14/09/1999 6.50   RICS 1997/105 30054945 06/08/2019 2 6.50 06/08/2019 Reference material  
    Dewey Decimal Classification     London London RICS Boxes 14/09/1999 6.50 22 RICS 1997/105 30054946 06/08/2019 3 6.50 06/08/2019 Book 23/10/2009
    Dewey Decimal Classification     Virtual Virtual Online 01/03/2010     LIBRARY 1997/105 83059-3001 06/08/2019 1   06/08/2019 Book